| 000 | 00403nam a2200193Ia 4500 | ||
|---|---|---|---|
| 008 | 210210b xxu||||| |||| 00| 0 eng d | ||
| 041 | _aeng | ||
| 082 | _a791/12 | ||
| 100 | _aBRADMAN (Don) | ||
| 245 | _aArt of cricket | ||
| 260 |
_a _b- _c |
||
| 650 | _ato | ||
| 650 | _aof | ||
| 650 | _aFarewell | ||
| 650 | _acricket | ||
| 650 | _aArt | ||
| 690 | _aAthletic & Outdoor Sports | ||
| 906 | _a011058 | ||
| 999 |
_c139155 _d139155 |
||